000 00317nam a2200133Ia 4500
008 240624s9999 xx 000 0 und d
041 _aeng
082 _a650.12 SIE
100 _aSIEBOLD STEVE
245 _aHOW RICH PEOPLE THINK
260 _c2010
_aUSA
_bSIMPLE TRUTHS
300 _a127 p.; 17 cm.
365 _c
_b33
999 _c32280
_d32280